00389nam a2200121Ia 4500020001800000082001900018245005200037260003800089300001600127650005800143650004200201700002400243 a0 566 03425 5 aRR 004.03 CON- 0aConcise encyclopaedia of information technology aAldershotbGower Publishingc1982 aviii, 271p. aInformation technology - Abbreviations - Dictionaries aInformation technology - Dictionaries aStokes, Adrian V.